Modificaciones en las normas para la utilización de los distintos servicios médico-quirúrgicos por los titulares y beneficiarios y cuadro médico / Patronato de Asistencia Social
Descripción Física:
19 p. ; 17 cm
Materias:
Patronato de Asistencia Social -- Normes
MARC
| LEADER | 00000nam a2200000Ia 4500 | ||
|---|---|---|---|
| 001 | 14797 | ||
| 008 | 160829s1956 xx 000 0 cat d | ||
| 080 | |a FU-30-40 | ||
| 100 | |a Patronato de Asistencia Social (Barcelona) |9 25213 | ||
| 245 | |a Modificaciones en las normas para la utilización de los distintos servicios médico-quirúrgicos por los titulares y beneficiarios y cuadro médico / Patronato de Asistencia Social | ||
| 260 | |a Barcelona : |b el Patronato, |c 1956 | ||
| 300 | |a 19 p. ; |c 17 cm | ||
| 590 | |a Hi ha un duplicat, DUP-186-45 | ||
| 650 | |a Patronato de Asistencia Social |x Normes |9 25214 | ||
| 856 | 4 | |u https://media.diba.cat/diba/fitxers/arxiu/fulletons/bib_14797_baixa.pdf |y Accés lliure | |
| 856 | 4 | |u https://media.diba.cat/diba/fitxers/arxiu/fulletons/bib_14797_baixa.pdf |y Accés lliure | |
| 901 | |a Arxiu | ||
| 942 | |n 1 |2 udc | ||
| 952 | |0 0 |1 0 |4 0 |6 FU3040 |7 1 |9 43506 |a Arxiu |b Arxiu |d 2016-12-01 |l 0 |o FU-30-40 |p 14797 |r 2016-12-01 00:00:00 |w 2016-12-01 |y ARXIU | ||
| 999 | |c 46052 |d 46052 | ||
| 900 | |a bib_14797_baixa.pdf | ||